|
|
|
|
| LEADER |
00000cam a2200000 a 4500 |
| 001 |
1/120190 |
| 008 |
191024s1992####gr | ||| |||| ||gre|| |
| 020 |
|
|
|a 9602121114
|
| 040 |
|
|
|a GR-MyUa
|b gre
|c GR-MyUa
|e AACR2
|
| 041 |
0 |
|
|a gre
|
| 082 |
7 |
|
|a 758.409495
|2 (23)
|
| 100 |
1 |
|
|a Κολοκοτρώνης, Γιάννης,
|d 1962-
|
| 245 |
1 |
2 |
|a Η νεκρή φύση στη νεοελληνική τέχνη από τον 19ο αιώνα ως τις μέρες μας /
|c Γιάννης Κολοκοτρώνης.
|
| 260 |
|
|
|a Θεσσαλονίκη :
|b [χ.ό.],
|c 1992.
|
| 300 |
|
|
|a 215 σ. :
|b εικ. ;
|c 26 εκ.
|
| 500 |
|
|
|a "Η ελληνική εκδοχή και η διεθνής εμπειρία". - Σημείωση στη σελίδα τίτλου.
|
| 504 |
|
|
|a Βιβλιογραφία: σ. 136-143. Ευρετήρια.
|
| 546 |
|
|
|a Περίληψη στα αγγλικά.
|
| 650 |
|
0 |
|a Still-life painting, Greek
|y 19th century.
|
| 650 |
|
0 |
|a Still-life painting, Greek
|y 20th century.
|
| 852 |
|
|
|a INST
|b SYROS
|e 20191024
|h 758.409495 ΚΟΛ
|p 005500014032
|q 005500014032
|t BK
|y 0
|
| 920 |
|
|
|a ΑΣΚΤ
|b Βιβλιοθήκη
|y Σύρος
|z 2019-07
|
| 970 |
|
|
|a Κοντού
|b Παρασκευή
|z 24/10/2019
|